Reverzné roky pokroku v oblasti zabezpečovania kvalitného vzdelávania bakalárska práca

Enregistré dans:
Détails bibliographiques
Auteur principal: Jakubík, David
Collectivités auteurs: Národohospodárska fakulta EU. Katedra ekonómie, Univerzita Komenského v Bratislave. Právnická fakulta
Autres auteurs: Leško, Peter, 1989-
Format: Livre
Langue:slovaque
Publié: Bratislava 2022
Tags: Ajouter un tag
Pas de tags, Soyez le premier à ajouter un tag!

MARC

LEADER 00000nbm a2200000 4500
001 0284952
005 20230303105412.7
041 0 |a slo 
044 |a SK 
245 1 0 |a Reverzné roky pokroku v oblasti zabezpečovania kvalitného vzdelávania  |b bakalárska práca  |c David Jakubík ; školiteľ: Peter Leško 
264 1 |a Bratislava  |c 2022 
300 |a 51 s. 
100 1 |a Jakubík, David 
700 1 |a Leško, Peter, 1989- 
710 2 |a Národohospodárska fakulta EU. Katedra ekonómie 
710 2 |a Univerzita Komenského v Bratislave. Právnická fakulta